000 00580nam a2200193Ia 4500
003 GCL
008 140319s9999 xx 000 0 ara d
040 _aGCL /
_cGCL
082 0 4 _a811.9
_bم ا
100 1 _aمعين بسيسو
245 1 0 _aالاعمال الشعرية الكاملة /
_cمعين بسيسو
260 _a[S.N] :
_bدار العودة للصحافة والطباعه ،
_c1987
300 _a710 ص
490 _a
650 0 4 _aالشعر العربى
650 0 4 _aالقصائد والدواوين
650 0 4 _aالشعر الحر
942 _2ddc
_cBK
999 _c52725
_d52725